000 00843cam a2200193 a 4500
999 _c3785
_d3785
005 20180320111939.0
008 990426s19900000ck a gr f000 0 spa d
040 _aCO-BoPUJ
_cCO-BoIAVH
_dCO-BoIAVH
041 0 _aspa
044 _ack
090 _aIND-I
_b92
110 2 _aColombia
_bMinisterio de Agricultura
_bInstituto Nacional de los Recursos Naturales Renovables y del Ambiente
245 1 0 _aManejo de cuencas hidrográficas abastecedoras de acueductos municipales
_cInstituto Nacional de los Recursos Naturales Renovables y del Ambiente, Campana Municipio Verde, Ministerio de Agricultura
260 _aBogotá :
_bInderena,
_c1990.
300 _a26 páginas :
_bilustraciones ;
_c28 x 22 cm.
650 2 6 _aCuencas hidrográficas
_zColombia
650 2 4 _aAbastecimiento de agua
_xAcueducto
_zColombia
942 _2z
_cLIBRO